The idea of justice / (Record no. 592741)

000 -LEADER
fixed length control field 01270cam a2200313 a 4500
001 - CONTROL NUMBER
control field 15699702
003 - CONTROL NUMBER IDENTIFIER
control field NUST
005 - DATE AND TIME OF LATEST TRANSACTION
control field 20221220123641.0
008 - FIXED-LENGTH DATA ELEMENTS--GENERAL INFORMATION
fixed length control field 090414s2009 mau b 001 0 eng
010 ## - LIBRARY OF CONGRESS CONTROL NUMBER
LC control number 2009014924
020 ## - INTERNATIONAL STANDARD BOOK NUMBER
International Standard Book Number 9780674036130 (hardcover : alk. paper)
020 ## - INTERNATIONAL STANDARD BOOK NUMBER
International Standard Book Number 0674036131
035 ## - SYSTEM CONTROL NUMBER
System control number (OCoLC)ocn318421063
040 ## - CATALOGING SOURCE
Original cataloging agency DLC
Transcribing agency DLC
Modifying agency BTCTA
-- YDXCP
-- C#P
-- BWX
-- DLC
050 00 - LIBRARY OF CONGRESS CALL NUMBER
Classification number JC578
Item number .S424 2009
082 00 - DEWEY DECIMAL CLASSIFICATION NUMBER
Classification number 172.2, SEN
Edition number 22
100 1# - MAIN ENTRY--PERSONAL NAME
Personal name Sen, Amartya,
Dates associated with a name 1933-
9 (RLIN) 105357
245 14 - TITLE STATEMENT
Title The idea of justice /
Statement of responsibility, etc. Amartya Sen.
260 ## - PUBLICATION, DISTRIBUTION, ETC.
Place of publication, distribution, etc. Cambridge, Mass. :
Name of publisher, distributor, etc. Belknap Press of Harvard University Press,
Date of publication, distribution, etc. 2009.
300 ## - PHYSICAL DESCRIPTION
Extent xxviii, 467 p. ;
Dimensions 24 cm.
505 ## - FORMATTED CONTENTS NOTE
Formatted contents note Part-1: The Demands of Justice (Page-31), Part-2: Forms of Reasoning (Page-155), Part-3: The materials of Justice (Page-225), Part-4: Public Reasoning and Democracy (Page-321).
600 10 - SUBJECT ADDED ENTRY--PERSONAL NAME
Personal name Rawls, John,
Dates associated with a name 1921-2002.
Title of a work Theory of justice.
9 (RLIN) 105358
650 #0 - SUBJECT ADDED ENTRY--TOPICAL TERM
Topical term or geographic name entry element Justice.
9 (RLIN) 12939
650 #0 - SUBJECT ADDED ENTRY--TOPICAL TERM
Topical term or geographic name entry element Social contract.
9 (RLIN) 97685
650 #0 - SUBJECT ADDED ENTRY--TOPICAL TERM
Topical term or geographic name entry element Ethics.
9 (RLIN) 4381
906 ## - LOCAL DATA ELEMENT F, LDF (RLIN)
a 7
b cbc
c orignew
d 1
e ecip
f 20
g y-gencatlg
942 ## - ADDED ENTRY ELEMENTS (KOHA)
Source of classification or shelving scheme
Koha item type Book
Holdings
Withdrawn status Lost status Source of classification or shelving scheme Damaged status Not for loan Permanent Location Current Location Shelving location Date acquired Total Checkouts Full call number Barcode Date last seen Price effective from Koha item type Public note
          Military College of Signals (MCS) Military College of Signals (MCS) General Stacks 12/20/2022   172.2, SEN MCS37601 12/20/2022 12/20/2022 Book Almirah No.46, Shelf No.5
© 2023 Central Library, National University of Sciences and Technology. All Rights Reserved.